Women of Prague ethnic diversity and social change from the eighteenth century to the present

Bibliographic Details
Main Author: Iggers, Wilma Abeles, 1921- (Author)
Format: Book
Language:English
PhysicalDescription:viii, 381 s. fotogr. 22 cm
Published: Providence Oxford Berghahn Books 1995
ISBN:1571810080
Edition:1st publ.
Subjects:

MARC

LEADER 00000nam a2200000 a 4500
001 vtls008900386
003 SK-MaSNL
005 20260302004919.0
008 240314s1995 xxuo f 001 0deng
020 |a 1571810080  |q (pbk.) 
040 |a SNK  |b slo  |c SNK  |e AACR2 
041 0 |a eng 
043 |a e-xr--- 
044 |a us  |c US  |a uk  |c GB 
072 7 |a 316.3  |x Globálne spoločnosti. Sociálna štruktúra. Sociálne skupiny  |2 konspekt 
080 |a 316.346.2-055.2  |2 2001 
080 |a 323.1  |2 2001 
080 |a 308  |2 2001 
080 |a (437.3)  |2 2001 
080 |a (048.8)  |2 2001 
080 |a (092)  |2 2001 
100 1 |a Iggers, Wilma Abeles,  |d 1921-  |4 aut  |9 429539 
245 1 0 |a Women of Prague  |b ethnic diversity and social change from the eighteenth century to the present  |c Wilma Abeles Iggers 
250 |a 1st publ. 
260 |a Providence  |a Oxford  |b Berghahn Books  |c 1995 
300 |a viii, 381 s.  |b fotogr.  |c 22 cm 
650 0 7 |a ženy  |x spoločenské postavenie  |2 SNKPH  |9 338393 
650 0 7 |a etnické vzťahy  |2 SNKPH  |9 3862 
650 0 7 |a Women  |x social status  |2 SNKPHeng  |9 338394 
650 0 7 |a Ethnic relations  |2 SNKPHeng  |9 304192 
651 7 |a Praha (Česko)  |x sociálne pomery  |2 SNKPH  |9 645616 
651 7 |a Prague (Czech Republic)  |x social conditions  |2 SNKPHeng  |9 645617 
655 7 |a štúdie  |2 SNKPH  |9 57033 
655 7 |a biografie  |2 SNKPH  |9 27965 
655 7 |a Studies  |2 SNKPHeng  |9 265573 
655 7 |a Biography  |2 SNKPHeng  |9 266314 
919 |a 1-57181-008-0 
999 |c 997650  |d 999580 
952 |t snkIGG 316.346.2  |a SNKUST  |b SNKUST  |y PREZ  |7 0  |p 17A0533146  |o snkIC 134151  |i snk2006/26051  |8 3  |g 42.65  |0 0  |1 0  |4 0  |d 2006-12-13  |l 0  |r 2025-04-29 00:00:00  |w 2026-02-24